Flags of US States With the Highest Scrabble Score - Statistics

General Stats
  • This quiz has been taken 48 times
  • The average score is 14 of 20
Answer Stats
Picture Hint Answer % Correct
15 California
98%
12 Texas
98%
16 Wyoming
84%
16 Arizona
81%
12 Hawaii
81%
14 Maryland
81%
17 Washington
81%
12 Arkansas
74%
17 Oklahoma
72%
17 Mississippi
67%
20 Massachusetts
63%
12 Virginia
63%
12 Delaware
60%
20 Pennsylvania
60%
12 Vermont
58%
17 Connecticut
53%
14 Wisconsin
53%
21 Kentucky
51%
14 Nebraska
51%
16 Michigan
44%
No matching quizzes found
Score Distribution
Percent of People with Each Score
Percentile by Number Answered
Your Score History
You have not taken this quiz